000 00465nam a2200169Ia 4500
999 _c20251
_d20251
003 OSt
005 20211117115707.0
008 190216s9999||||xx |||||||||||||| ||und||
040 _coclc
082 _a920
_bRAO/P
100 _aRao, Nageshwar
_98341
245 0 _aPeristhroyekhayum Lokavum /
_cNageshwar Rao
260 _bRama Publication,
_c1989.
300 _a112p
650 _aWorld History
942 _cBK
_2ddc
_h920
_iRAO/P
_k920
_mRAO/P